000 01569cam a2200361 a 4500
001 heroesvillainsst00bump
003 CaSfIA
005 20210118100003.0
007 cr||||
008 841203s1986 nyu 000 1 eng
010 _a 84025945
040 _aDLC
_cDLC
_dBAKER
_dBTCTA
_dYDXCP
_dCLU
_dCaSfIA
020 _a0914590928 :
_c$13.95
020 _a9780914590927
020 _a0914590936 (pbk.) :
_c$6.95
020 _a9780914590934 (pbk.)
035 _a(OCoLC)11531992
050 0 4 _aPS3552.U464
_bH4 1986
082 0 _a813/.54
_219
100 1 _aBumpus, Jerry.
245 1 0 _aHeroes and villains :
_h[electronic resource]
_bstories /
_cJerry Bumpus.
250 _a1st ed.
260 _aNew York :
_bFiction Collective,
_cc1986.
300 _a258 p. ;
_c23 cm.
505 0 _aShame -- The outdoorsman -- K -- The attack on San Clemente -- Heroes and villains --Popinjay's African notes -- Chums -- Fable -- Plenty of time.
856 4 1 _uhttp://www.archive.org/details/heroesvillainsst00bump
_zFree eBook from the Internet Archive
856 4 2 _uhttp://www.openlibrary.org/books/OL2863047M
_zAdditional information and access via Open Library
029 1 _aNZ1
_b3073407
029 1 _aAU@
_b000003691972
942 _cEB
506 _fНеобхідна авторизація на https://archive.org/ (створення облікового запису безкоштовно)
506 _fНеобхідна авторизація на https://openlibrary.org/ (створення облікового запису безкоштовно)
999 _c506267
_d506267